AH International Schools' Libraries

A McKaslin homecoming / (Record no. 36689)

MARC details
000 -LEADER
fixed length control field 00851cam a2200241ua 4500
001 - CONTROL NUMBER
control field 000040941483
003 - CONTROL NUMBER IDENTIFIER
control field CaOOAMICUS
005 - DATE AND TIME OF LATEST TRANSACTION
control field 20260130102211.0
008 - FIXED-LENGTH DATA ELEMENTS--GENERAL INFORMATION
fixed length control field 080602s2008 nyu 000 1 eng d
020 ## - INTERNATIONAL STANDARD BOOK NUMBER
International Standard Book Number 0373150806 (pbk.)
020 ## - INTERNATIONAL STANDARD BOOK NUMBER
International Standard Book Number 9780373150809 (pbk.)
040 ## - CATALOGING SOURCE
Original cataloging agency CaOW
Language of cataloging eng
100 1# - MAIN ENTRY--PERSONAL NAME
Personal name Hart, Jillian.
9 (RLIN) 84318
245 12 - TITLE STATEMENT
Title A McKaslin homecoming /
Statement of responsibility, etc Jillian Hart.
260 ## - PUBLICATION, DISTRIBUTION, ETC. (IMPRINT)
Place of publication, distribution, etc New York :
Name of publisher, distributor, etc Steeple Hill,
Date of publication, distribution, etc 2010.
300 ## - PHYSICAL DESCRIPTION
Extent 245 p. ;
Dimensions 17 cm.
490 0# - SERIES STATEMENT
Series statement McKaslin clan.
520 ## - SUMMARY, ETC.
Summary, etc "When contacted by her long-lost grandmother Lauren McKaslin wanted to reconnect...For too long, she'd relied solely on herself and her faith..."--p. [4] of cover.
650 #0 - SUBJECT ADDED ENTRY--TOPICAL TERM
Topical term or geographic name as entry element Man-woman relationships. Love stories.
9 (RLIN) 84319
655 #7 - INDEX TERM--GENRE/FORM
Genre/form data or focus term Realistic Fiction. Christian Fiction.
9 (RLIN) 84313
942 ## - ADDED ENTRY ELEMENTS (KOHA)
Source of classification or shelving scheme
Koha item type YA FIC BOOKS
Holdings
Withdrawn status Lost status Source of classification or shelving scheme Damaged status Not for loan Home library Current library Date acquired Full call number Barcode Date last seen Price effective from Koha item type
          Asian Hope Secondary Library Asian Hope Secondary Library 10/05/2017 FIC HAR 200465 01/16/2026 10/05/2017 YA FIC BOOKS

For any Logos Library related questions please contact Miss Art at swongnarasuk@asianhope.org.

For any Asian Hope Library related questions please contact Miss Raza at graza@asianhope.org.

Click here to explore our ebooks!

Powered by Koha